| 000 | 00763nam a22002417a 4500 | ||
|---|---|---|---|
| 003 | 0 | ||
| 005 | 20241122095130.0 | ||
| 008 | 241122b xxu||||| |||| 00| 0 eng d | ||
| 020 | _a9780323846684 | ||
| 050 |
_aRT 71 _b.B55 2024 |
||
| 100 |
_aBillings, Diane M., _eauthor. |
||
| 245 |
_aTeaching in nursing : _ba guide for faculty / _cDiane M. Billings, Judith A. Halstead. |
||
| 250 | _a7th ed. | ||
| 260 |
_aSt. Louis, Missouri : _bElsevier, _c2024. |
||
| 300 |
_axiv, 681 p. ; _c24 cm. |
||
| 504 | _aIncludes bibliographical references and index. | ||
| 650 |
_aNursing _vStudy and teaching. |
||
| 650 |
_aEducation, nursing _vMethods. |
||
| 650 | _aFaculty, nursing. | ||
| 650 | _aTeaching. | ||
| 700 |
_aHalstead, Judith A., _eauthor. |
||
| 942 |
_2lcc _cBK |
||
| 999 |
_c366786 _d366786 |
||